000 00781nab#a2200229#c#4500
999 _c53239
_d53239
003 IEF
005 20191205182759.0
008 950704s1975 uuu|| #####0 b| |u
040 _aIEF
_cES-MaIEF
100 1 _aMusgrave, Richard Abel
_930848
245 _aLa participación de los diversos niveles de gobierno en los ingresos públicos
_b un punto de vista crítico
_c Richard A. Musgrave y A. Mitchell Polinsky
260 _c1975
500 _aConclusiones
650 4 _aINGRESOS PUBLICOS
_944455
650 4 _aPARTICIPACION EN LOS INGRESOS DEL ESTADO
_947968
650 4 _aADMINISTRACION PUBLICA
_97296
650 4 _aSUBVENCIONES PUBLICAS
_948501
773 0 _tHacienda pública española
_w34570
_gn. 35, 1975;pags. 424-449
942 _2udc
942 _2udc